Fishing operations. (Record no. 391)

MARC details
000 -LEADER
fixed length control field 01101nam a22002777a 4500
005 - DATE AND TIME OF LATEST TRANSACTION
control field 20230609120035.0
008 - FIXED-LENGTH DATA ELEMENTS--GENERAL INFORMATION
fixed length control field 230609b |||||||| |||| 00| 0 eng d
010 ## - LIBRARY OF CONGRESS CONTROL NUMBER
LC control number 98218714
020 ## - INTERNATIONAL STANDARD BOOK NUMBER
International Standard Book Number 9251039143
035 ## - SYSTEM CONTROL NUMBER
System control number (OCoLC)36933504
040 ## - CATALOGING SOURCE
Original cataloging agency JNA
Transcribing agency KMU
Modifying agency KMU
Description conventions RDA
042 ## - AUTHENTICATION CODE
Authentication code lccopycat
050 00 - LIBRARY OF CONGRESS CALL NUMBER
Classification number SH405
Item number .F54 1996
082 00 - DEWEY DECIMAL CLASSIFICATION NUMBER
Classification number 639.2
Edition number 21
110 ## - MAIN ENTRY--CORPORATE NAME
Corporate name or jurisdiction name as entry element Food and Agriculture Organization
245 00 - TITLE STATEMENT
Title Fishing operations.
Statement of responsibility, etc. Food and Agriculture Organization of the United Nations
260 ## - PUBLICATION, DISTRIBUTION, ETC.
Place of publication, distribution, etc. Rome :
Name of publisher, distributor, etc. Food and Agriculture Organization of the United Nations,
Date of publication, distribution, etc. 1996.
300 ## - PHYSICAL DESCRIPTION
Extent 1 v. (various pagings) :
Other physical details ill. ;
Dimensions 21 cm.
440 #0 - SERIES STATEMENT/ADDED ENTRY--TITLE
Title FAO technical guidelines for responsible fisheries,
International Standard Serial Number 1020-5292 ;
Volume/sequential designation 1
500 ## - GENERAL NOTE
General note "M-40"--T.p. verso.
650 #0 - SUBJECT ADDED ENTRY--TOPICAL TERM
Topical term or geographic name entry element Fisheries.
710 2# - ADDED ENTRY--CORPORATE NAME
Corporate name or jurisdiction name as entry element Food and Agriculture Organization of the United Nations.
906 ## - LOCAL DATA ELEMENT F, LDF (RLIN)
a 7
b cbc
c copycat
d 3
e ncip
f 19
g y-gencatlg
942 ## - ADDED ENTRY ELEMENTS (KOHA)
Source of classification or shelving scheme Library of Congress Classification
Koha item type Non-Fiction
Suppress in OPAC No
Holdings
Withdrawn status Lost status Source of classification or shelving scheme Damaged status Not for loan Collection Home library Current library Shelving location Date acquired Source of acquisition Total Checkouts Full call number Barcode Date last seen Price effective from Koha item type
    Library of Congress Classification     Non-fiction Kapasa Makasa University Kapasa Makasa University Open Access 09.06.2023 Copperbelt University   SH 405 Foo 734500 09.06.2023 09.06.2023 Non-Fiction